VI. mezinárodní konference o využívání zdrojů nerostných surovin

Korporativní autor: Czech Stone Cluster, družstvo
Další autoři: Mezinárodní konference využívání zdrojů nerostných surovin
Jazyk: Slovenština
Čeština
Vydáno: [Ostrava] : [VŠB-Technická univerzita], [2015]
Edice: Acta Musei Reginaehradecensis
Témata:
Externí odkaz: Digitalizovaný dokument
Fyzický popis: 1 CD-ROM (15 textových souborů) : ilustrace (převážně barevné) ; 12 cm
Language note: Částečně slovenský text, anglická resumé
Knihy
Uloženo v:
LEADER 02603nam a2200673 i 4500
001 001520093
003 CZ BrMZK
005 20171121082922.0
006 m d
007 co cg
008 160407s2015 xr a e 100 0 cze
020 |q (CDR) 
040 |a BOA001  |b cze  |e rda 
041 0 |a cze  |a slo  |b eng 
043 |a e-xr---  |a e-xo--- 
072 7 |a 622  |x Hornictví  |2 Konspekt  |9 19 
080 |a 553  |2 MRF 
080 |a 622.3  |2 MRF 
080 |a 622.7  |2 MRF 
080 |a 622'17  |2 MRF 
080 |a 628.3/.5  |2 MRF 
080 |a 338.246  |2 MRF 
080 |a 622.3  |2 MRF 
080 |a 502/504  |2 MRF 
080 |a (437.3)  |2 MRF 
080 |a (437.6)  |2 MRF 
080 |a (062.534)  |2 MRF 
080 |a (0.034.44)  |2 MRF 
111 2 |a Mezinárodní konference využívání zdrojů nerostných surovin  |n (6. :  |d 2015 :  |c Rychnov nad Kněžnou, Česko)  |7 xx0202826  |4 aut 
245 1 0 |a VI. mezinárodní konference o využívání zdrojů nerostných surovin 
246 3 |a 6. mezinárodní konference o využívání zdrojů nerostných surovin 
246 3 0 |a Mezinárodní konference o využívání zdrojů nerostných surovin 
246 3 0 |a Využívání zdrojů nerostných surovin 
264 1 |a [Ostrava] :  |b [VŠB-Technická univerzita],  |c [2015] 
300 |a 1 CD-ROM (15 textových souborů) :  |b ilustrace (převážně barevné) ;  |c 12 cm 
336 |a text  |b txt  |2 rdacontent 
337 |a počítač  |b c  |2 rdamedia 
338 |a počítačový disk  |b cd  |2 rdacarrier 
347 |a textový soubor  |b PDF  |2 rda 
490 1 |a Acta Musei Reginaehradecensis 
500 |a Název z disku 
500 |a Nad názvem: Czech Stone Cluster 
546 |a Částečně slovenský text, anglická resumé 
650 0 7 |a nerostné suroviny  |7 ph115435  |2 czenas 
650 0 7 |a nerostné suroviny  |7 ph115435  |z Česko  |2 czenas 
650 0 7 |a nerostné suroviny  |7 ph115435  |z Slovensko  |2 czenas 
650 0 7 |a zpracování nerostných surovin  |7 ph135134  |2 czenas 
650 0 7 |a těžební odpad  |7 ph116516  |2 czenas 
650 0 7 |a zpracování odpadu  |7 ph137731  |2 czenas 
650 0 7 |a podpora podnikání  |7 ph115412  |2 czenas 
650 0 7 |a těžba nerostných surovin  |7 ph126840  |x environmentální aspekty  |2 czenas 
655 7 |a sborníky konferencí  |7 fd133333  |2 czenas 
655 7 |a CD-ROM  |7 fd133955  |2 czenas 
710 2 |a Czech Stone Cluster, družstvo  |7 olak2010597045  |4 orm 
830 0 |a Acta Musei Reginaehradecensis 
856 4 1 |u http://www.digitalniknihovna.cz/mzk/view/uuid:12016725-2efb-42c8-ad45-fc1d174eadaa  |y Digitalizovaný dokument 
910 |a BOA001  |b CDR-1365.703 
990 |a BK 
991 |b 201605  |c NOV